[Event "GER-chT U12"]
[Site "Verden an der Aller"]
[Date "2006.12.28"]
[Round "3.4"]
[White "Kuckling, Hannah"]
[Black "Bekele, Daniel"]
[Result "1-0"]
[WhiteElo "1218"]
[BlackElo "897"]
[PlyCount "73"]
[EventDate "2006.12.27"]
[EventType "team-swiss"]
[EventRounds "7"]
[EventCountry "GER"]
[SourceTitle "EXT 2008"]
[Source "ChessBase"]
[SourceDate "2007.11.25"]
[SourceVersion "1"]
[SourceVersionDate "2007.11.25"]
[SourceQuality "1"]
[WhiteTeam "Dresden USV TU U12"]
[BlackTeam "Jena SK Koenigskinder U12"]
[WhiteTeamCountry "GER"]
[BlackTeamCountry "GER"]

1. e4 e5 2. Nf3 Nc6 3. Bb5 a6 4. Ba4 Nf6 5. 0-0 Nxe4 6. d4 b5 7. Bb3 d5 8. dxe5 Be6 9. Bf4 Na5 10. Nbd2 Nxb3 11. axb3 Bc5 12. Nxe4 dxe4 13. Ng5 0-0 14. Nxe4 Bd4 15. c3 Bb6 16. Qf3 Bxb3 17. Qg3 Kh8 18. Qh3 Be6 19. Qh5 f6 20. Rfd1 Qe8 21. Qxe8 Rfxe8 22. exf6 gxf6 23. Nxf6 Rf8 24. Be5 Kg7 25. Nd7+ Kf7 26. Nxf8 Rxf8 27. Rxa6 Ke7 28. Bd4 Bxd4 29. Rxd4 Rg8 30. Re4 Rg6 31. f4 Kd7 32. Rd4+ Kc8 33. Rd1 Kb7 34. Rda1 c6 35. Ra7+ Kb6 36. b4 Bd5 37. R1a6# 1-0